| 000 | 00503nam a2200145 a 4500 | ||
|---|---|---|---|
| 001 | 000034522 | ||
| 005 | 20200930073739.0 | ||
| 008 | 111005s1883 dr 000 0 spa d | ||
| 040 |
_aDO-SdBNP _bspa _cBNPHU |
||
| 100 | 1 |
_aThomasset, H. _959962 |
|
| 245 | 1 | 0 |
_aPuerto de Santo Domingo : _bmemoria presentada a la "Sociedad de estudios para la limpieza del puerto". / _cpor H. Thomasset. |
| 260 |
_aSanto Domingo : _bImprenta de "El Eco de la Opinión", _c1883. |
||
| 300 |
_a46 p. ; _c26 cm. |
||
| 049 | _aBNPD | ||
| 999 |
_c34013 _d34013 |
||